[Event "Titled Tuesday intern op 19th Mar Early"]
[Site "Chess.com INT"]
[Date "2024.03.19"]
[Round "5"]
[White "Bitelmajer, Martin"]
[Black "Nikulina, Alena"]
[Result "1-0"]
[WhiteElo "2475"]
[BlackElo "1906"]
[PlyCount "39"]
[EventDate "2024.03.19"]
[EventType "swiss (blitz)"]
[EventRounds "11"]
[EventCountry "USA"]
[SourceTitle "EXT 2025"]
[Source "ChessBase"]
[SourceDate "2024.10.14"]
[SourceVersion "1"]
[SourceVersionDate "2024.10.14"]
[SourceQuality "1"]

1. e4 c5 2. Nf3 e6 3. d4 cxd4 4. Nxd4 Nf6 5. Bd3 Nc6 6. Nxc6 bxc6 7. 0-0 Be7 8. e5 Nd5 9. c4 Nb6 10. Nc3 d5 11. exd6 Qxd6 12. Ne4 Qc7 13. Qg4 g6 14. Qf3 f5 15. Ng3 e5 16. Bxf5 gxf5 17. Qh5+ Kf8 18. Bh6+ Kg8 19. Qe8+ Bf8 20. Qxf8# 1-0

[Event "Titled Tuesday intern op 19th Mar Early"]
[Site "Chess.com INT"]
[Date "2024.03.19"]
[Round "7"]
[White "Bitelmajer, Martin"]
[Black "Samarth, J Rao"]
[Result "1-0"]
[WhiteElo "2475"]
[BlackElo "1770"]
[PlyCount "113"]
[EventDate "2024.03.19"]
[EventType "swiss (blitz)"]
[EventRounds "11"]
[EventCountry "USA"]
[SourceTitle "EXT 2025"]
[Source "ChessBase"]
[SourceDate "2024.10.14"]
[SourceVersion "1"]
[SourceVersionDate "2024.10.14"]
[SourceQuality "1"]

1. d4 Nf6 2. c4 e6 3. g3 Bb4+ 4. Bd2 Bxd2+ 5. Qxd2 0-0 6. Nc3 d5 7. Bg2 c6 8. Nf3 Nbd7 9. 0-0 Qe7 10. cxd5 exd5 11. e3 Re8 12. Rab1 Nb6 13. Ne5 Nfd7 14. Nd3 Nc4 15. Qd1 Nf8 16. b3 Nb6 17. a4 Bf5 18. a5 Nbd7 19. b4 Qd6 20. b5 a6 21. bxc6 bxc6 22. Na4 Rab8 23. Rxb8 Rxb8 24. Nac5 Bxd3 25. Nxd3 Qa3 26. Qc2 Rb3 27. Nf4 Rc3 28. Qf5 Qxa5 29. e4 g6 30. Qg5 f6 31. Qh6 dxe4 32. Bxe4 Qg5 33. Qxg5 fxg5 34. Ne2 Rc4 35. Bd3 Ra4 36. Rc1 Nb8 37. Be4 Ra2 38. Kf1 Rd2 39. Bxc6 Nxc6 40. Rxc6 a5 41. Ra6 Rd1+ 42. Kg2 Ra1 43. Nc3 Ra3 44. Nb5 Ra2 45. d5 a4 46. d6 Kf7 47. Ra8 Nd7 48. Rd8 Ke6 49. Re8+ Kf6 50. Re7 Rb2 51. Nd4 Ne5 52. Re6+ Kf7 53. Rxe5 Rd2 54. Rd5 Ke8 55. d7+ Kd8 56. Nc6+ Kc7 57. d8Q+ 1-0

[Event "Titled Tuesday intern op 19th Mar Early"]
[Site "Chess.com INT"]
[Date "2024.03.19"]
[Round "6"]
[White "Olhovik, Andrei"]
[Black "Bitelmajer, Martin"]
[Result "1-0"]
[WhiteElo "2283"]
[BlackElo "2475"]
[PlyCount "49"]
[EventDate "2024.03.19"]
[EventType "swiss (blitz)"]
[EventRounds "11"]
[EventCountry "USA"]
[SourceTitle "EXT 2025"]
[Source "ChessBase"]
[SourceDate "2024.10.14"]
[SourceVersion "1"]
[SourceVersionDate "2024.10.14"]
[SourceQuality "1"]

1. d4 Nf6 2. c4 c5 3. d5 e6 4. Nc3 exd5 5. cxd5 d6 6. e4 g6 7. h3 Bg7 8. Nf3 0-0 9. Be3 Re8 10. Bd3 Na6 11. 0-0 Nc7 12. a4 b6 13. Re1 Ba6 14. Bf4 Bxd3 15. Qxd3 a6 16. Nd2 Nh5 17. Bh2 Be5 18. Bxe5 Rxe5 19. Nc4 Rg5 20. Qf3 Ng7 21. g4 h5 22. e5 hxg4 23. hxg4 dxe5 24. Ne4 Qxd5 25. Nf6+ 1-0

[Event "Titled Tuesday intern op 19th Mar Early"]
[Site "Chess.com INT"]
[Date "2024.03.19"]
[Round "9"]
[White "Teterev, Vitaly"]
[Black "Bitelmajer, Martin"]
[Result "1-0"]
[WhiteElo "2257"]
[BlackElo "2475"]
[PlyCount "105"]
[EventDate "2024.03.19"]
[EventType "swiss (blitz)"]
[EventRounds "11"]
[EventCountry "USA"]
[SourceTitle "EXT 2025"]
[Source "ChessBase"]
[SourceDate "2024.10.14"]
[SourceVersion "1"]
[SourceVersionDate "2024.10.14"]
[SourceQuality "1"]

1. e4 e5 2. Nf3 Nc6 3. Bb5 a6 4. Bxc6 dxc6 5. 0-0 f6 6. d4 exd4 7. Nxd4 c5 8. Nb3 Qxd1 9. Rxd1 Bd7 10. Bf4 0-0-0 11. Nc3 Bc6 12. Rxd8+ Kxd8 13. Na5 Ne7 14. Rd1+ Kc8 15. Nxc6 Nxc6 16. Nd5 Bd6 17. Nb6+ cxb6 18. Rxd6 Nd4 19. Kf1 Nxc2 20. Rxb6 Nb4 21. Be3 Nxa2 22. Bxc5 Rd8 23. Rd6 Rxd6 24. Bxd6 Kd7 25. Bf8 g6 26. Ke2 Nc1+ 27. Ke3 Nb3 28. g4 Na5 29. Kd3 Nc6 30. f4 b5 31. h4 Ke6 32. Bc5 a5 33. Bf2 a4 34. Bc5 Na5 35. f5+ gxf5 36. gxf5+ Kf7 37. Bd4 Nc6 38. Bc5 Ne5+ 39. Kc3 Nc6 40. Bd6 h5 41. Kd3 Ke8 42. Kc3 Kd7 43. Bf4 Na5 44. Kb4 Nc4 45. Bc1 Kc6 46. Kc3 Kc5 47. b3 b4+ 48. Kc2 axb3+ 49. Kxb3 Na5+ 50. Ka4 Nc6 51. Bb2 Ne5 52. Bxe5 fxe5 53. Kb3 1-0

[Event "Titled Tuesday intern op 19th Mar Early"]
[Site "Chess.com INT"]
[Date "2024.03.19"]
[Round "2"]
[White "Titus, Andrew L"]
[Black "Bitelmajer, Martin"]
[Result "0-1"]
[WhiteElo "2216"]
[BlackElo "2475"]
[PlyCount "20"]
[EventDate "2024.03.19"]
[EventType "swiss (blitz)"]
[EventRounds "11"]
[EventCountry "USA"]
[SourceTitle "EXT 2025"]
[Source "ChessBase"]
[SourceDate "2024.10.14"]
[SourceVersion "1"]
[SourceVersionDate "2024.10.14"]
[SourceQuality "1"]

1. e4 e5 2. Nf3 Nc6 3. Bb5 a6 4. Ba4 Nf6 5. 0-0 Be7 6. d3 b5 7. Bb3 d6 8. c3 0-0 9. Re1 Nb8 10. Nbd2 Nbd7 0-1

[Event "Titled Tuesday intern op 02nd Jan Late"]
[Site "Chess.com INT"]
[Date "2024.01.02"]
[Round "7"]
[White "Aggelis, Nikolaos"]
[Black "Bitelmajer, Martin"]
[Result "1-0"]
[WhiteElo "2285"]
[BlackElo "2475"]
[PlyCount "97"]
[EventDate "2024.01.02"]
[EventType "swiss (blitz)"]
[EventRounds "11"]
[EventCountry "USA"]
[SourceTitle "EXT 2025"]
[Source "ChessBase"]
[SourceDate "2024.10.14"]
[SourceVersion "1"]
[SourceVersionDate "2024.10.14"]
[SourceQuality "1"]

1. c4 c6 2. Nc3 d5 3. cxd5 cxd5 4. d4 Nc6 5. Nf3 Nf6 6. Bf4 Bf5 7. e3 e6 8. Bb5 Bb4 9. Qa4 Bxc3+ 10. bxc3 Rc8 11. Ne5 Qb6 12. c4 0-0 13. c5 Qa5+ 14. Qxa5 Nxa5 15. Nd7 Nxd7 16. Bxd7 Rcd8 17. Bb5 Rc8 18. Bd6 Rfd8 19. Be7 a6 20. Bxd8 Rxd8 21. Be2 Nc4 22. Rc1 Nb2 23. Kd2 e5 24. Kc3 Nc4 25. Bxc4 dxc4 26. Kxc4 exd4 27. exd4 Be6+ 28. Kc3 Bxa2 29. Ra1 Bd5 30. f3 Bc6 31. Rhe1 g6 32. Re5 Kg7 33. Rd1 Bd5 34. Re7 Rc8 35. Rb1 Kf6 36. Rbxb7 Bxb7 37. Rxb7 Kf5 38. Ra7 Kf4 39. Rxa6 Ke3 40. Kc4 Rd8 41. d5 Rb8 42. d6 Rb1 43. d7 Rc1+ 44. Kd5 Rd1+ 45. Kc6 Kf4 46. Kc7 Ke5 47. Rd6 Rxd6 48. cxd6 Kd5 49. d8Q 1-0

[Event "Titled Tuesday intern op 02nd Jan Late"]
[Site "Chess.com INT"]
[Date "2024.01.02"]
[Round "4"]
[White "Fareh, Youness"]
[Black "Bitelmajer, Martin"]
[Result "0-1"]
[WhiteElo "2173"]
[BlackElo "2475"]
[PlyCount "120"]
[EventDate "2024.01.02"]
[EventType "swiss (blitz)"]
[EventRounds "11"]
[EventCountry "USA"]
[SourceTitle "EXT 2025"]
[Source "ChessBase"]
[SourceDate "2024.10.14"]
[SourceVersion "1"]
[SourceVersionDate "2024.10.14"]
[SourceQuality "1"]

1. Nf3 d5 2. c4 c6 3. d4 Nf6 4. g3 dxc4 5. a4 a5 6. Nc3 Bf5 7. Bg2 Ne4 8. 0-0 Nxc3 9. bxc3 Be4 10. Ba3 Nd7 11. Qd2 g6 12. Qf4 Nf6 13. Ne5 Bxg2 14. Kxg2 Bg7 15. Rab1 Qc8 16. e4 h6 17. Nxc4 g5 18. Qe3 Nd7 19. e5 c5 20. d5 0-0 21. e6 fxe6 22. dxe6 Nf6 23. Nb6 Qc6+ 24. f3 Rad8 25. Bxc5 Nd5 26. Nxd5 Rxd5 27. Bxe7 Re8 28. Rb6 Qxc3 29. Qxc3 Bxc3 30. Ba3 Rd2+ 31. Kh3 Bd4 32. e7 Bxb6 33. f4 gxf4 34. Rxf4 Bg1 35. Rf8+ Kh7 36. Rxe8 Rxh2+ 37. Kg4 h5+ 38. Kg5 Be3+ 39. Kf5 Rf2+ 40. Ke4 Re2 41. Kf3 Re1 42. Rh8+ Kxh8 43. e8Q+ Kh7 44. Qxh5+ Kg7 45. Bb2+ Kf8 46. Qf5+ Ke7 47. Qe5+ Kd7 48. Qd5+ Ke7 49. Qxb7+ Ke6 50. Qb6+ Kf7 51. Qa7+ Bxa7 52. g4 Rf1+ 53. Ke2 Rg1 54. Kf3 Rb1 55. Bd4 Rb3+ 56. Ke4 Bxd4 57. Kxd4 Rb4+ 58. Ke5 Rxa4 59. g5 Kg6 60. Kd5 Kxg5 0-1

[Event "Titled Tuesday intern op 02nd Jan Late"]
[Site "Chess.com INT"]
[Date "2024.01.02"]
[Round "3"]
[White "Mgeladze, Kesaria"]
[Black "Bitelmajer, Martin"]
[Result "1/2-1/2"]
[WhiteElo "2038"]
[BlackElo "2475"]
[PlyCount "135"]
[EventDate "2024.01.02"]
[EventType "swiss (blitz)"]
[EventRounds "11"]
[EventCountry "USA"]
[SourceTitle "EXT 2025"]
[Source "ChessBase"]
[SourceDate "2024.10.14"]
[SourceVersion "1"]
[SourceVersionDate "2024.10.14"]
[SourceQuality "1"]

1. e4 e5 2. Nf3 Nc6 3. d4 exd4 4. Nxd4 Nf6 5. Nxc6 bxc6 6. e5 Qe7 7. Qe2 Nd5 8. g3 d6 9. Bg2 Qxe5 10. Qxe5+ dxe5 11. c4 Ne7 12. Nc3 Be6 13. b3 f6 14. Ba3 Kf7 15. 0-0-0 g6 16. Rhe1 Bh6+ 17. Kb2 Rad8 18. Bxe7 Kxe7 19. Bxc6 Bd2 20. Rg1 Bg4 21. f3 Bxc3+ 22. Kxc3 Be6 23. Rge1 Rd6 24. Rxd6 Kxd6 25. Be4 f5 26. Rd1+ Ke7 27. Bc6 h5 28. Bd5 h4 29. Re1 Bxd5 30. cxd5 Kd6 31. Kc4 hxg3 32. hxg3 Rh3 33. Rg1 Rh2 34. a4 Rc2+ 35. Kd3 Rc5 36. g4 Rxd5+ 37. Kc3 Rd4 38. gxf5 gxf5 39. Rg6+ Kd7 40. Rg7+ Kc6 41. Rg6+ Kb7 42. Re6 Rd5 43. Kc4 Rd4+ 44. Kc3 Rf4 45. Rxe5 Rxf3+ 46. Kc4 f4 47. Rf5 Rf1 48. Kc3 f3 49. Kd2 f2 50. Ke2 Rb1 51. Kxf2 Rxb3 52. Ke2 Rb4 53. a5 Ka6 54. Rc5 Rb2+ 55. Kd3 Rb5 56. Rxc7 Rxa5 57. Kc4 Ra4+ 58. Kb3 Rh4 59. Rc6+ Kb5 60. Rg6 a5 61. Rg5+ Kb6 62. Rf5 Rh3+ 63. Ka4 Rh4+ 64. Kb3 Rb4+ 65. Ka3 Rc4 66. Kb3 Rb4+ 67. Ka3 Rh4 68. Kb3 1/2-1/2

[Event "Titled Tuesday intern op 19th Dec Late"]
[Site "Chess.com INT"]
[Date "2023.12.19"]
[Round "7"]
[White "Xie, Bryan"]
[Black "Bitelmajer, Martin"]
[Result "1-0"]
[WhiteElo "2303"]
[BlackElo "2475"]
[PlyCount "51"]
[EventDate "2023.12.19"]
[EventType "swiss (blitz)"]
[EventRounds "11"]
[EventCountry "USA"]
[SourceTitle "EXT 2025"]
[Source "ChessBase"]
[SourceDate "2024.10.14"]
[SourceVersion "1"]
[SourceVersionDate "2024.10.14"]
[SourceQuality "1"]

1. e4 e5 2. Nf3 Nc6 3. d4 exd4 4. Nxd4 Nf6 5. Nc3 Bb4 6. Nxc6 bxc6 7. Bd3 0-0 8. 0-0 d5 9. Bd2 Bxc3 10. Bxc3 Nxe4 11. Bxe4 dxe4 12. Qe2 Qh4 13. Qc4 Bb7 14. Rfe1 c5 15. Qxc5 Qg4 16. Qxc7 Bd5 17. Rad1 Rad8 18. Qe5 Bb7 19. Rxd8 Rxd8 20. Qe7 Rb8 21. Be5 e3 22. Bg3 exf2+ 23. Kxf2 Qf5+ 24. Kg1 Rf8 25. Bd6 Qxc2 26. Qxf8# 1-0

[Event "Titled Tuesday intern op 31st Oct Late"]
[Site "Chess.com INT"]
[Date "2023.10.31"]
[Round "10"]
[White "Bitelmajer, Martin"]
[Black "Desideri, Ricardo Maruchi"]
[Result "0-1"]
[WhiteElo "2475"]
[BlackElo "1959"]
[PlyCount "68"]
[EventDate "2023.10.31"]
[EventType "swiss (blitz)"]
[EventRounds "11"]
[EventCountry "USA"]
[SourceTitle "EXT 2025"]
[Source "ChessBase"]
[SourceDate "2024.10.14"]
[SourceVersion "1"]
[SourceVersionDate "2024.10.14"]
[SourceQuality "1"]

1. d4 Nf6 2. c4 c5 3. d5 e6 4. Nc3 exd5 5. cxd5 d6 6. e4 g6 7. f4 Bg7 8. Bb5+ Nfd7 9. a4 a6 10. Be2 0-0 11. Nf3 Nf6 12. 0-0 Re8 13. Bd3 Nbd7 14. a5 Rb8 15. Qc2 b5 16. axb6 Rxb6 17. Kh1 Rb4 18. Re1 c4 19. Bf1 Nc5 20. e5 dxe5 21. fxe5 Ng4 22. Bf4 Nd3 23. Bxd3 cxd3 24. Qd2 Qb6 25. Be3 Nxe3 26. Rxe3 Rxb2 27. Qxd3 Bf5 28. Qd4 Qb3 29. Ne2 Rb1+ 30. Neg1 Rxa1 31. Qxa1 Qxe3 32. Qxa6 Bxe5 33. Nxe5 Qxe5 34. Qa8 Rxa8 0-1